Tyre cord fatigue and fatigue testing (Record no. 71641)

MARC details
000 -LEADER
fixed length control field 00363nam a2200121Ia 4500
100 ## - MAIN ENTRY--AUTHOR NAME
Personal name Goy R S
245 #0 - TITLE STATEMENT
Title Tyre cord fatigue and fatigue testing
260 ## - PUBLICATION, DISTRIBUTION, ETC. (IMPRINT)
Name of publisher Proceedings of the 3rd Rubber Technology Conference, London, 1954; p496-511
650 ## - SUBJECT ADDED ENTRY--TOPICAL TERM
Topical Term Fatigue testing
650 ## - SUBJECT ADDED ENTRY--TOPICAL TERM
Topical Term Tyre cord fatigue
942 ## - ADDED ENTRY ELEMENTS (KOHA)
Koha item type Journals
Holdings
Withdrawn status Lost status Damaged status Not for loan Home library Current library Shelving location Date acquired Koha item type
      Journals RRII Library RRII Library Rubber general 17/12/2021 Journals